000 00378nam a2200145Ia 4500
005 20250729165722.0
008 250729s2011 xx 000 0 und d
041 _aeng
082 _a372.25 SAFM
100 _aSafaya
_9231315
245 _aModern Educational Administration
260 _aNewdelhi
_bDanpat Rai Publication
_c2011
300 _a355p
650 _aEducation
_9231316
999 _c239220
_d239220